TV Plot Haikus Quiz Stats

 Plays Quiz Updated Jul 9, 2018

Score 0/18 Timer 07:00
2 Plays Today
TV Plot Haiku Name of TV Show % Correct
Plane crashed on island / You can't tell Locke what to do / Jack cries all the timeLost
95.4%
Every week they sing / It's like High School Musical / Watch out for SlusheesGlee
88.7%
Plain ol' high school kid / Killing vampires with her friends / 'Once more with feeling!'Buffy the Vampire Slayer
85.4%
She puts on a wig / And 'gets the best of both worlds' / Disney rakes in cashHannah Montana
84.3%
In Jerry's flat or / At Monk's diner, it's really / All about nothing Seinfeld
82.6%
Take minor celebs / Mock them for their bad dancing / Grandma will watch itDancing with the Stars
82.4%
They find your semen / At the scene of the murder / They send you to jailCSI
80.9%
Working in New York / For some SNL-like show / All for NBC30 Rock
75.4%
It's in a white house / They love walking in hallways / Talking politicsThe West Wing
74.7%
TV Plot Haiku Name of TV Show % Correct
Four nerds meet a girl / Everyday they eat take-out / And make her feel dumbThe Big Bang Theory
74.6%
It's not possible / Over the course of one day / A man saves the world24
73.7%
Greedy oil baron / Socializes with cowboys / Did you shoot J.R.?Dallas
61.7%
Alien crash lands / Stays with boring family / Tries to eat their catAlf
59.8%
Lives across from dad / Mom's always coming over / He gets all the loveEverybody Loves Raymond
56.3%
Just some family / Hey! Is that Janet Jackson? / 'Whatchoo talkin' bout?'Diff'rent Strokes
53%
Five jerks run a bar / Get into lots of trouble / Beers at Paddy's Pub?It's Always Sunny in Philadelphia
45.9%
A two-man folk band / Tries to make it in New York / 'Fly back home, kiwis!'Flight of the Conchords
42.9%
These kids love singing / Dancing, living forever / They're gonna fly high Fame
40.9%

You're not logged in!

Compare scores with friends on all Sporcle quizzes.
OR
Log In

Sporcle TV

Today on Sporcle TV


Watch our educational content, quiz creation guides, and fun videos on Sporcle TV.

Show Comments

Extras

Top Quizzes Today


Score Distribution

Your Account Isn't Verified!

In order to create a playlist on Sporcle, you need to verify the email address you used during registration. Go to your Sporcle Settings to finish the process.

Report this User

Report this user for behavior that violates our Community Guidelines.

Details: